书目信息 |
| 题名: |
中国动物志
|
|
| 作者: | ;陈学新 , 何俊华 , 马云 编著 ;中国科学院中国动物志编辑委员会 | |
| 分册: | 第三十七卷 昆虫纲 | |
| 出版信息: | 北京 科学出版社 2004.09 |
|
| 页数: | 581页 | |
| 开本: | 26cm | |
| 丛书名: | ||
| 单 册: | ||
| 中图分类: | Q958.52 , Q969.42 | |
| 科图分类: | ||
| 主题词: | 动物志--中国 , 昆虫纲--中国 | |
| 电子资源: | ||
| ISBN: | 7-03-013268-8 | |
| 000 | 01325nam0 2200337 45 | |
| 001 | 012004000000 | |
| 005 | 20050114150833.17 | |
| 010 | @a7-03-013268-8@b精装@dCNY 155.00 | |
| 100 | @a20040315d2004 em y0chiy0121 ea | |
| 101 | 0 | @achi@aeng |
| 102 | @aCN@b110000 | |
| 105 | @aa z 001yy | |
| 200 | 1 | @a中国动物志@Azhong guo dong wu zhi@dFauna sinica@i昆虫纲@iInsecta@h第三十七卷@hvol.37@i膜翅目@iHymentoptera@i茧蜂科(二)@iBracomidae(Ⅱ)@f中国科学院中国动物志编辑委员会;陈学新, 何俊华, 马云编著@Fzhong guo ke xue yuan zhong guo dong wu zhi bian ji wei yuan hui;chen xue xin,he jun hua,ma yun bian zhu@zeng |
| 210 | @a北京@c科学出版社@d2004.09 | |
| 215 | @a581页@c图@d26cm | |
| 300 | @a中国科学院知识创新工程重大项目 国家自然科学基金重大项目 | |
| 320 | @a本书含索引和参考文献 | |
| 510 | 1 | @aFauna sinica@iInsecta@iHymentoptera@iBracomidae@zeng |
| 517 | 1 | @a昆虫纲 |
| 517 | 1 | @a膜翅目 |
| 517 | 1 | @a茧蜂科 |
| 606 | 0 | @a动物志@y中国 |
| 606 | 0 | @a昆虫纲@y中国 |
| 690 | @aQ958.52@v4 | |
| 690 | @aQ969.42@v4 | |
| 702 | 0 | @a陈学新@Achen xue xin@4编著 |
| 702 | 0 | @a何俊华@Ahe jun hua@4编著 |
| 702 | 0 | @a马云@Ama yun@4编著 |
| 711 | 0 | @a中国科学院中国动物志编辑委员会@Azhong guo ke xue yuan zhong guo dong wu zhi bian ji wei yuan hui |
| 801 | 0 | @aCN@bQSSKzyf@c20050114 |
| 905 | @a10447@dQ958.52@eZ58712 | |
| 中国动物志=Fauna sinica.昆虫纲.Insecta.第三十七卷.vol.37.膜翅目.Hymentoptera.茧蜂科(二).Bracomidae(Ⅱ)/中国科学院中国动物志编辑委员会;陈学新, 何俊华, 马云编著.-北京:科学出版社,2004.09 |
| 581页:图;26cm |
| 中国科学院知识创新工程重大项目 国家自然科学基金重大项目 |
| ISBN 7-03-013268-8(精装):CNY 155.00 |
| ● |
| 相关链接 |
|
|
|
正题名:中国动物志
索取号:Q958.52/Z58712
 
预约/预借
| 序号 | 登录号 | 条形码 | 馆藏地/架位号 | 状态 | 备注 |
| 1 | 437373 | 204373739 | 生命科学与工程学院资料室/ [索取号:Q958.52/Z58712] | 在馆 |